The new encyclopedia of modern bodybuilding / (Record no. 47232)
[ view plain ]
| 000 -LEADER | |
|---|---|
| fixed length control field | 01012cam a2200289 i 4500 |
| 001 - CONTROL NUMBER | |
| control field | vtls003271791 |
| 003 - CONTROL NUMBER IDENTIFIER | |
| control field | MY-SjTCS |
| 005 - DATE AND TIME OF LATEST TRANSACTION | |
| control field | 20200306164033.0 |
| 008 - FIXED-LENGTH DATA ELEMENTS--GENERAL INFORMATION | |
| fixed length control field | 170109t19981998nyua 001 0 eng d |
| 020 ## - INTERNATIONAL STANDARD BOOK NUMBER | |
| International Standard Book Number | 9780684857213 (paperback) |
| 039 #9 - LEVEL OF BIBLIOGRAPHIC CONTROL AND CODING DETAIL [OBSOLETE] | |
| Level of rules in bibliographic description | 201701091449 |
| Level of effort used to assign nonsubject heading access points | shuhada |
| Level of effort used to assign subject headings | 201701091447 |
| Level of effort used to assign classification | shuhada |
| Level of effort used to assign subject headings | 201701091447 |
| Level of effort used to assign classification | shuhada |
| Level of effort used to assign subject headings | 201701091018 |
| Level of effort used to assign classification | shuhada |
| -- | 201610121626 |
| -- | malathy |
| 040 ## - CATALOGING SOURCE | |
| Description conventions | rda |
| 082 04 - DEWEY DECIMAL CLASSIFICATION NUMBER | |
| Classification number | 613.713 |
| Item number | SCH 1998 |
| 100 1# - MAIN ENTRY--PERSONAL NAME | |
| Personal name | Schwarzenegger, Arnold. |
| 9 (RLIN) | 29999 |
| 245 14 - TITLE STATEMENT | |
| Title | The new encyclopedia of modern bodybuilding / |
| Statement of responsibility, etc. | Arnold Schwarzenegger with Bill Dobbins. |
| 264 #1 - PRODUCTION, PUBLICATION, DISTRIBUTION, MANUFACTURE, AND COPYRIGHT NOTICE | |
| Place of production, publication, distribution, manufacture | New York, NY : |
| Name of producer, publisher, distributor, manufacturer | Simon & Schuster Paperbacks, |
| Date of production, publication, distribution, manufacture, or copyright notice | [1998] |
| 300 ## - PHYSICAL DESCRIPTION | |
| Extent | xxxii, 800 pages : |
| Other physical details | illustrations ; |
| Dimensions | 28 cm |
| 336 ## - CONTENT TYPE | |
| Content type term | text |
| Source | rdacontent |
| 337 ## - MEDIA TYPE | |
| Media type term | unmediated |
| Source | rdamedia |
| 338 ## - CARRIER TYPE | |
| Carrier type term | volume |
| Source | rdacarrier |
| 500 ## - GENERAL NOTE | |
| General note | Includes index. |
| 650 #0 - SUBJECT ADDED ENTRY--TOPICAL TERM | |
| Topical term or geographic name entry element | Bodybuilding. |
| 9 (RLIN) | 244303 |
| 650 #0 - SUBJECT ADDED ENTRY--TOPICAL TERM | |
| Topical term or geographic name entry element | Exercise. |
| 9 (RLIN) | 201717 |
| 650 #0 - SUBJECT ADDED ENTRY--TOPICAL TERM | |
| Topical term or geographic name entry element | Weight training. |
| 9 (RLIN) | 17035 |
| 700 1# - ADDED ENTRY--PERSONAL NAME | |
| Personal name | Dobbins, Bill, |
| Dates associated with a name | 1943- |
| 9 (RLIN) | 75881 |
| 920 ## - Programme | |
| Programme | CPU : 226342 |
| Withdrawn status | Lost status | Source of classification or shelving scheme | Damaged status | Not for loan | Collection code | Home library | Current library | Date acquired | Total Checkouts | Barcode | Date last seen | Koha item type | Public note |
|---|---|---|---|---|---|---|---|---|---|---|---|---|---|
| Withdrawn | Dewey Decimal Classification | Please fill up online form at https://taylorslibrary.taylors.edu.my/services/external_storage1 | TC External Storage | TC External Storage | 04/11/2016 | 5000166736 | 05/12/2019 | Main Collection | CPUxx,02000,02,AD |